<?xml version="1.0" encoding="UTF-8"?>
<collection xmlns="http://www.loc.gov/MARC21/slim">
 <record>
  <leader>01795nam a22003857i 4500</leader>
  <controlfield tag="001">39702</controlfield>
  <controlfield tag="003">BD-DhAAL</controlfield>
  <controlfield tag="005">20220925162858.0</controlfield>
  <controlfield tag="008">220925r20222018caua          001 0 eng d</controlfield>
  <datafield tag="999" ind1=" " ind2=" ">
   <subfield code="c">44607</subfield>
   <subfield code="d">44607</subfield>
  </datafield>
  <datafield tag="010" ind1=" " ind2=" ">
   <subfield code="a">  2018304469</subfield>
  </datafield>
  <datafield tag="020" ind1=" " ind2=" ">
   <subfield code="a">9789352136988</subfield>
  </datafield>
  <datafield tag="020" ind1=" " ind2=" ">
   <subfield code="a">9781491983645</subfield>
  </datafield>
  <datafield tag="020" ind1=" " ind2=" ">
   <subfield code="a">1491983647</subfield>
  </datafield>
  <datafield tag="035" ind1=" " ind2=" ">
   <subfield code="a">(OCoLC)on1030275645</subfield>
  </datafield>
  <datafield tag="040" ind1=" " ind2=" ">
   <subfield code="a">TOH</subfield>
   <subfield code="b">eng</subfield>
   <subfield code="c">TOH</subfield>
   <subfield code="d">OCLCO</subfield>
   <subfield code="d">ZQP</subfield>
   <subfield code="d">COO</subfield>
   <subfield code="d">OCLCF</subfield>
   <subfield code="d">BTCTA</subfield>
   <subfield code="d">YDX</subfield>
   <subfield code="d">BDX</subfield>
   <subfield code="d">DLC</subfield>
   <subfield code="d">BD-DhAAL</subfield>
  </datafield>
  <datafield tag="042" ind1=" " ind2=" ">
   <subfield code="a">lccopycat</subfield>
  </datafield>
  <datafield tag="050" ind1="0" ind2="0">
   <subfield code="a">QA76.9.D5</subfield>
   <subfield code="b">B87 2018</subfield>
  </datafield>
  <datafield tag="082" ind1="0" ind2="4">
   <subfield code="a">004.36</subfield>
   <subfield code="2">23</subfield>
  </datafield>
  <datafield tag="100" ind1="1" ind2=" ">
   <subfield code="a">Burns, Brendan,</subfield>
   <subfield code="d">1976-</subfield>
   <subfield code="e">author.</subfield>
   <subfield code="9">51599</subfield>
  </datafield>
  <datafield tag="245" ind1="1" ind2="0">
   <subfield code="a">Designing distributed systems :</subfield>
   <subfield code="b">patterns and paradigms for scalable, reliable services /</subfield>
   <subfield code="c">Brendan Burns.</subfield>
  </datafield>
  <datafield tag="250" ind1=" " ind2=" ">
   <subfield code="a">First edition.</subfield>
  </datafield>
  <datafield tag="264" ind1=" " ind2="1">
   <subfield code="a">Sebastopol, CA :</subfield>
   <subfield code="b">O'Reilly Media,</subfield>
   <subfield code="c">2018 [second Indian reprinted 2022].</subfield>
  </datafield>
  <datafield tag="300" ind1=" " ind2=" ">
   <subfield code="a">xi, 149 pages :</subfield>
   <subfield code="b">illustrations ;</subfield>
   <subfield code="c">24 cm.</subfield>
  </datafield>
  <datafield tag="500" ind1=" " ind2=" ">
   <subfield code="a">Includes index.</subfield>
  </datafield>
  <datafield tag="526" ind1=" " ind2=" ">
   <subfield code="a">CSE</subfield>
  </datafield>
  <datafield tag="541" ind1=" " ind2=" ">
   <subfield code="a">Book Finder International</subfield>
   <subfield code="e">39702, 39703, 39704</subfield>
  </datafield>
  <datafield tag="650" ind1=" " ind2="0">
   <subfield code="a">Electronic data processing</subfield>
   <subfield code="x">Distributed processing.</subfield>
   <subfield code="9">51600</subfield>
  </datafield>
  <datafield tag="650" ind1=" " ind2="0">
   <subfield code="a">System design.</subfield>
   <subfield code="9">51601</subfield>
  </datafield>
  <datafield tag="650" ind1=" " ind2="0">
   <subfield code="a">Computer science.</subfield>
   <subfield code="9">51602</subfield>
  </datafield>
  <datafield tag="852" ind1=" " ind2=" ">
   <subfield code="a">Ayesha Abed Library</subfield>
   <subfield code="c">General Stacks</subfield>
  </datafield>
  <datafield tag="942" ind1=" " ind2=" ">
   <subfield code="2">ddc</subfield>
   <subfield code="c">BK</subfield>
  </datafield>
  <datafield tag="952" ind1=" " ind2=" ">
   <subfield code="0">0</subfield>
   <subfield code="1">0</subfield>
   <subfield code="2">ddc</subfield>
   <subfield code="4">0</subfield>
   <subfield code="6">004_360000000000000_BUR</subfield>
   <subfield code="7">0</subfield>
   <subfield code="9">71845</subfield>
   <subfield code="a">BRACUL</subfield>
   <subfield code="b">BRACUL</subfield>
   <subfield code="c">GEN</subfield>
   <subfield code="d">2022-09-11</subfield>
   <subfield code="e">Book Finder International</subfield>
   <subfield code="g">563.32</subfield>
   <subfield code="l">0</subfield>
   <subfield code="o">004.36 BUR</subfield>
   <subfield code="p">3010039702</subfield>
   <subfield code="r">2022-09-11</subfield>
   <subfield code="t">1</subfield>
   <subfield code="v">563.32</subfield>
   <subfield code="w">2022-09-11</subfield>
   <subfield code="y">BK</subfield>
  </datafield>
  <datafield tag="952" ind1=" " ind2=" ">
   <subfield code="0">0</subfield>
   <subfield code="1">0</subfield>
   <subfield code="2">ddc</subfield>
   <subfield code="4">0</subfield>
   <subfield code="6">004_360000000000000_BUR</subfield>
   <subfield code="7">0</subfield>
   <subfield code="9">71846</subfield>
   <subfield code="a">BRACUL</subfield>
   <subfield code="b">BRACUL</subfield>
   <subfield code="c">GEN</subfield>
   <subfield code="d">2022-09-11</subfield>
   <subfield code="e">Book Finder International</subfield>
   <subfield code="g">563.32</subfield>
   <subfield code="l">0</subfield>
   <subfield code="o">004.36 BUR</subfield>
   <subfield code="p">3010039703</subfield>
   <subfield code="r">2022-09-11</subfield>
   <subfield code="t">2</subfield>
   <subfield code="v">563.32</subfield>
   <subfield code="w">2022-09-11</subfield>
   <subfield code="y">BK</subfield>
  </datafield>
  <datafield tag="952" ind1=" " ind2=" ">
   <subfield code="0">0</subfield>
   <subfield code="1">0</subfield>
   <subfield code="2">ddc</subfield>
   <subfield code="4">0</subfield>
   <subfield code="6">004_360000000000000_BUR</subfield>
   <subfield code="7">0</subfield>
   <subfield code="9">71847</subfield>
   <subfield code="a">BRACUL</subfield>
   <subfield code="b">BRACUL</subfield>
   <subfield code="c">GEN</subfield>
   <subfield code="d">2022-09-11</subfield>
   <subfield code="e">Book Finder International</subfield>
   <subfield code="g">563.32</subfield>
   <subfield code="l">0</subfield>
   <subfield code="o">004.36 BUR</subfield>
   <subfield code="p">3010039704</subfield>
   <subfield code="r">2022-09-11</subfield>
   <subfield code="t">3</subfield>
   <subfield code="v">563.32</subfield>
   <subfield code="w">2022-09-11</subfield>
   <subfield code="y">BK</subfield>
  </datafield>
 </record>
</collection>
